00780nam a22001937a 4500003000200000005001700002008004100019020002200060050002300082100002700105245014800132260004200280300002200322504003400344520012300378650003600501650002800537650002100565020251017094740.0251017b xxu||||| |||| 00| 0 eng d a978-0-7624-4769-5 aBF 632 b.S56 2023 aSincero, Jen,eauthor. aYou are a badass :bhow to stop doubting your greatness and start living an awesome life /cJen Sincero. =250 \\$aReading group guide edition. aPhiladelphia :bRunning Press,c2023. a267 pagesc21 cm. aIncludes reading group guide. aA motivational guide encouraging readers to identify self-sabotaging beliefs and behaviors to create a life they love. aSelf-actualization (Psychology) aMotivation (Psychology) aConduct of life.